000 00856nam a2200217 i 4500
001 27988
003 ES-MaACL
005 20250730041104.0
007 t|
008 030116m18881894sp ||||1| spa d
110 2 _aBiblioteca Capitular y Colombina
_92167
245 1 0 _aBiblioteca Colombina
_b: catálogo de sus libros impresos /
_cpublicado... bajo la inmediata dirección de... Servando Arboli y Faraudo ; con notas bibliográficas de Simón de la Rosa y López.
260 _aSevilla :
_b[s.n.,
_c1888-94] (
_fImp. E. Rasco Díaz y Carballo)
300 _a3 v. ;
_c24 cm.
500 _aSon los tomos I-III.
610 2 4 _aBiblioteca Capitular y Colombina-
_vCatálogos
_92168
700 1 _aRosa y López, Simón de la.
_999621
700 0 _aArboli y Faraudo, Servando.
_922412
852 _aES-MaACL
_jB-13094-96
999 _c27988
_d27988